000 01089nam a22003017a 4500
001 03841
003 HDC
007 cr bn ---aaaaa
008 210111t1998 nyu||||| |||| 00| 0 eng
020 _a0-203-22306-3
040 _aHDC
100 _aChen, Thomas T.
_eauthor
_93679
245 0 _aAgricultural Biotechnology. Chapter 25 :
_bTransgenic Fish Technology and Its Application in Fish Production / by
_cThomas T. Chen, Jenn-Ken Lu and Richard Fahs II
260 _aNew York :
_bMARCEL DEKKER,
_c1998
300 _a21 pages
336 _atext
_2rdacontent
337 _acomputer
_2rdamedia
338 _aonline resource
_2rdacarrier
650 _aAgricultural Biotechnology
_91565
650 _aFish Production
_93681
650 _aTransgenic Fish
_93680
700 _aFahs II, Richard
_eauthor
_93683
700 _aLu, Jenn-Ken
_eauthor
_93682
856 _zRequest full-text at [email protected]
942 _2lcc
942 _cCHAP
942 _kEBCH 001710
999 _c1166
_d1166